[Event "Calvia op 2nd"]
[Site "Calvia"]
[Date "2005.10.24"]
[Round "5"]
[White "Fischer Nielsen, Jesper"]
[Black "Valls Casas, Jordi"]
[Result "1-0"]
[WhiteElo "2218"]
[BlackElo "2071"]
[PlyCount "119"]
[EventDate "2005.10.21"]
[EventType "swiss"]
[EventRounds "9"]
[EventCountry "ESP"]
[SourceTitle "EXT 2006"]
[Source "ChessBase"]
[SourceDate "2005.11.24"]
[SourceVersion "1"]
[SourceVersionDate "2005.11.24"]
[SourceQuality "1"]

1. d4 e6 2. c4 Nf6 3. Nc3 d5 4. Nf3 c6 5. Bg5 Nbd7 6. e3 Qa5 7. Bxf6 Nxf6 8. Rc1 Ne4 9. Qc2 Nxc3 10. bxc3 dxc4 11. Bxc4 Bd6 12. 0-0 0-0 13. Qe4 Qh5 14. h3 f5 15. Qh4 Qxh4 16. Nxh4 b5 17. Bb3 Bd7 18. Rfe1 Ba3 19. Rc2 a5 20. Rd2 a4 21. Bd1 b4 22. c4 b3 23. Rd3 Bb4 24. Re2 Rfb8 25. axb3 axb3 26. Bxb3 Ra3 27. Ra2 Rxa2 28. Bxa2 Ra8 29. Bb3 Ra1+ 30. Rd1 Rxd1+ 31. Bxd1 Kf7 32. Nf3 Ke7 33. c5 Kd8 34. Ne5 Be8 35. Bb3 Bd7 36. Kf1 Ba5 37. Ba4 Bc7 38. Nd3 Ba5 39. Ke2 Be8 40. f3 Bc7 41. e4 Bh2 42. Kf2 Bb8 43. Ke3 Bh2 44. Nb4 Kc7 45. Kf2 Bf4 46. Nd3 Bg5 47. d5 fxe4 48. d6+ Kb7 49. fxe4 Bf6 50. Ke3 Bg5+ 51. Kf3 Bf6 52. Bb3 e5 53. Be6 Bh5+ 54. g4 Bg6 55. Bd7 Bf7 56. Nb4 Bc4 57. Bxc6+ Kc8 58. Bd5 Bf1 59. c6 Bxh3 60. Be6+ 1-0

[Event "Genova Ducale op"]
[Site "Genova"]
[Date "2003.09.26"]
[Round "7"]
[White "Fossati, Remigio"]
[Black "Fischer Nielsen, Jesper"]
[Result "1-0"]
[WhiteElo "2201"]
[BlackElo "2100"]
[PlyCount "67"]
[EventDate "2003.09.??"]
[EventType "swiss"]
[EventRounds "9"]
[EventCountry "ITA"]
[SourceTitle "EXT 2005"]
[Source "ChessBase"]
[SourceDate "2004.11.15"]
[SourceVersion "1"]
[SourceVersionDate "2004.11.15"]
[SourceQuality "1"]

1. e4 c5 2. Nf3 e6 3. d4 cxd4 4. Nxd4 Nc6 5. Nc3 a6 6. Be2 Nge7 7. Be3 Nxd4 8. Qxd4 Nc6 9. Qd2 Be7 10. 0-0 0-0 11. f4 b5 12. Rad1 d6 13. Bf3 Na5 14. e5 Nc4 15. Qc1 d5 16. Bd4 Qc7 17. Rde1 Bc5 18. Bxc5 Qxc5+ 19. Kh1 b4 20. Na4 Qa5 21. b3 Na3 22. c4 Bb7 23. f5 f6 24. exf6 Rxf6 25. fxe6 Nxc4 26. bxc4 Qxa4 27. Bxd5 Bxd5 28. cxd5 Rxf1+ 29. Rxf1 Qxa2 30. Qf4 h6 31. Qf7+ Kh7 32. e7 Qe2 33. d6 Qd3 34. Qf5+ 1-0

[Event "Genova Ducale op"]
[Site "Genova"]
[Date "2003.09.24"]
[Round "5"]
[White "Naumkin, Igor"]
[Black "Fischer Nielsen, Jesper"]
[Result "1/2-1/2"]
[WhiteElo "2406"]
[BlackElo "2100"]
[PlyCount "35"]
[EventDate "2003.09.??"]
[EventType "swiss"]
[EventRounds "9"]
[EventCountry "ITA"]
[SourceTitle "EXT 2005"]
[Source "ChessBase"]
[SourceDate "2004.11.15"]
[SourceVersion "1"]
[SourceVersionDate "2004.11.15"]
[SourceQuality "1"]

1. d4 d5 2. c4 dxc4 3. Nf3 Nf6 4. e3 e6 5. Bxc4 c5 6. 0-0 a6 7. Qe2 b5 8. Bd3 Nbd7 9. Nc3 Bb7 10. Bd2 Be7 11. Rad1 0-0 12. Bc1 Qb8 13. h3 e5 14. Nxe5 Nxe5 15. dxe5 Qxe5 16. e4 c4 17. Bc2 Bc5 18. a3 1/2-1/2

[Event "Genova Ducale op"]
[Site "Genova"]
[Date "2003.09.21"]
[Round "1"]
[White "Zimmermann, Paul"]
[Black "Fischer Nielsen, Jesper"]
[Result "0-1"]
[WhiteElo "2229"]
[BlackElo "2100"]
[PlyCount "98"]
[EventDate "2003.09.??"]
[EventType "swiss"]
[EventRounds "9"]
[EventCountry "ITA"]
[SourceTitle "EXT 2005"]
[Source "ChessBase"]
[SourceDate "2004.11.15"]
[SourceVersion "1"]
[SourceVersionDate "2004.11.15"]
[SourceQuality "1"]

1. d4 d5 2. c4 dxc4 3. Nc3 Nf6 4. e3 e6 5. Bxc4 c5 6. Nf3 a6 7. a4 Nc6 8. 0-0 Be7 9. Qe2 0-0 10. dxc5 Bxc5 11. e4 Qc7 12. Bg5 Ng4 13. g3 b6 14. Rac1 Bb7 15. Ba2 Nge5 16. Nxe5 Nd4 17. Qd1 Qxe5 18. Bf4 Qf6 19. b4 e5 20. bxc5 exf4 21. Bd5 Bxd5 22. Nxd5 Qe5 23. Nxf4 Qxe4 24. f3 Qe3+ 25. Kg2 bxc5 26. Qd3 Qe7 27. Rfe1 Qd6 28. Qc4 Rac8 29. Nd5 Kh8 30. a5 Qh6 31. Re3 Ne6 32. Rce1 Rcd8 33. Nc3 Qg6 34. Ne4 Rd4 35. Qc3 Rd5 36. Kh1 h6 37. Qc4 Nc7 38. Nxc5 Qc6 39. Rc3 Nb5 40. Nxa6 Qxa6 41. Qxd5 Nxc3 42. Qc5 Qc8 43. Qe5 Qc6 44. Qe3 Nd5 45. Qa3 Ra8 46. a6 Qc3 47. Qxc3 Nxc3 48. Re7 Kg8 49. Rc7 Nd5 0-1

[Event "Copenhagen Bronshoj Sensommer op"]
[Site "Copenhagen"]
[Date "1999.??.??"]
[Round "?"]
[White "Jorgensen, Brian"]
[Black "Fischer Nielsen, Jesper"]
[Result "1-0"]
[WhiteElo "2229"]
[BlackElo "2225"]
[PlyCount "125"]
[EventDate "1999.??.??"]
[EventType "swiss"]
[EventRounds "7"]
[EventCountry "DEN"]
[SourceTitle "EXT 2002"]
[Source "ChessBase"]
[SourceDate "2001.11.25"]
[SourceVersion "1"]
[SourceVersionDate "2001.11.25"]
[SourceQuality "1"]

1. d4 d5 2. c4 dxc4 3. e4 e5 4. Nf3 exd4 5. Bxc4 Nc6 6. 0-0 Be6 7. Bb5 Nge7 8. Nxd4 Bd7 9. Nf3 Ng6 10. Nc3 Bd6 11. Bg5 f6 12. Be3 0-0 13. Bc4+ Kh8 14. Nb5 Be7 15. Nfd4 Nxd4 16. Nxd4 Qc8 17. Rc1 a6 18. f4 Rd8 19. Bb3 c5 20. Qe1 Bd6 21. f5 Nf8 22. Qe2 Qb8 23. Qc4 Bxh2+ 24. Kh1 Ng6 25. fxg6 cxd4 26. Bh6 hxg6 27. Bxg7+ Kxg7 28. Qf7+ Kh6 29. Rxf6 Qg3 30. Rcf1 Rg8 31. Qxd7 Rg7 32. Rf7 Qh4 33. Rxg7 Be5+ 34. Qh3 Qxh3+ 35. gxh3 Bxg7 36. Rf7 b5 37. Kg2 d3 38. Rd7 Rf8 39. Rxd3 Bxb2 40. Rd5 Rf6 41. Kg3 g5 42. Bd1 Bc3 43. Kg2 Be1 44. Bf3 b4 45. e5 Re6 46. Bg4 Re7 47. Kf3 Kg7 48. Ke4 a5 49. Bd7 Bc3 50. Ba4 Kf7 51. Bb3 Kg6 52. Rxa5 g4 53. hxg4 Kg5 54. e6+ Kxg4 55. Rf5 Ra7 56. Rf1 Kg5 57. Kd5 Bf6 58. Rf2 Rb7 59. Kc6 Re7 60. Bd5 Bc3 61. Kd6 Bf6 62. Be4 Ra7 63. Rf5+ 1-0